LA Galaxy players (2010-2020) - Statistics

General Stats
  • This quiz has been taken 5 times
  • The average score is 44 of 121
Answer Stats
Rank Player Positions Nationality Matches Goals (assists) Period % Correct
27 David Beckham CM 57 11 (20) 2010-2012
100%
4 Landon Donovan ST 132 49 (48) 2010-2014, 2016-2016
100%
48 Steven Gerrard CM 34 5 (15) 2015-2016
100%
16 Ashley Cole LB 86 3 (11) 2016-2018
67%
21 Giovani dos Santos CF 77 25 (14) 2015-2018
67%
5 Gyasi Zardes ST 131 34 (18) 2013-2017
67%
24 Jonathan dos Santos DM 64 5 (7) 2017-2019
67%
6 Robbie Keane ST 125 83 (34) 2011-2016
67%
29 Zlatan Ibrahimović ST 56 52 (14) 2018-2019
67%
78 Adam Cristman ST 13 1 (1) 2011-2012
33%
2 A. J. DeLaGarza RB 182 1 (2) 2010-2016
33%
20 Alan Gordon ST 77 14 (4) 2010-2010, 2014-2016
33%
66 Alex Cazumba LB 18 1 (1) 2010-2010
33%
116 Andrew Boyens CB 2 0 (0) 2012-2012
33%
58 Ariel Lassiter LW 25 1 (0) 2015-2018
33%
12 Baggio Husidic CM 104 9 (9) 2014-2018
33%
113 Bill Gaudette GK 3 0 (0) 2012-2012
33%
42 Bradford Jamieson IV ST 42 4 (3) 2014-2018
33%
67 Bradley Diallo CB 18 0 (1) 2017-2017
33%
98 Brian Perk GK 7 0 (0) 2011-2012, 2014-2014
33%
26 Brian Rowe GK 59 0 (0) 2013-2017
33%
76 Bryan Gaul CB 14 0 (1) 2012-2012
33%
54 Bryan Jordan LM 29 0 (2) 2010-2012
33%
62 Carlo Cudicini GK 21 0 (0) 2013-2013
33%
38 Chad Barrett ST 45 8 (6) 2011-2012
33%
94 Chandler Hoffman ST 8 0 (0) 2014-2014
33%
108 Charlie Rugg ST 4 1 (0) 2013-2013
33%
35 Chris Birchall RM 48 1 (2) 2010-2011
33%
85 Chris Klein RM 11 0 (1) 2010-2010
33%
40 Chris Pontius LW 44 7 (9) 2018-2019
33%
104 Christian Wilhelmsson RW 5 1 (0) 2012-2012
33%
72 Clément Diop GK 17 0 (0) 2016-2017
33%
90 Clint Mathis AM 9 0 (0) 2010-2010
33%
86 Colin Clark LM 11 0 (0) 2013-2013
33%
87 Cristian Pavón RW 11 3 (6) 2019-2019
33%
31 Dan Gargan RB 54 0 (4) 2014-2015
33%
13 Daniel Steres CB 102 8 (1) 2016-2019
33%
101 Dan Keat DM 6 0 (0) 2011-2012
33%
114 Dan Kennedy GK 3 0 (0) 2016-2016
33%
119 Dasan Robinson CB 1 0 (0) 2011-2011
33%
18 Dave Romney CB 84 3 (5) 2015-2019
33%
23 David Bingham GK 67 0 (0) 2018-2019
33%
73 David Lopes CB 17 0 (0) 2012-2012
33%
91 Dema Kovalenko DM 9 1 (0) 2010-2010
33%
109 Diédié Traoré LB 4 0 (0) 2019-2019
33%
55 Diego Polenta CB 28 1 (2) 2019-2019
33%
30 Donovan Ricketts GK 55 0 (0) 2010-2011, 2015-2015
33%
79 Eddie Lewis LM 13 0 (0) 2010-2010
33%
28 Edson Buddle ST 56 20 (3) 2010-2010, 2012-2012, 2015-2015
33%
77 Efraín Álvarez AM, RW 14 0 (3) 2019-2019
33%
92 Emil Cuello LB 9 0 (1) 2019-2019
33%
11 Emmanuel Boateng LM 108 9 (12) 2016-2019
33%
117 Emrah Klimenta CB 2 0 (0) 2018-2018
33%
115 Ethan Zubak ST 3 0 (0) 2019-2019
33%
68 Favio Álvarez AM 18 3 (4) 2019-2019
33%
102 Frankie Hejduk RB 6 0 (0) 2011-2011
33%
63 Giancarlo González CB 20 1 (0) 2019-2019
33%
81 Greg Cochrane LB 12 0 (0) 2013-2013
33%
57 Gregg Berhalter CB 26 0 (1) 2010-2011
33%
41 Héctor Jiménez RB 44 4 (5) 2011-2013
33%
110 Hugo Arellano CB 4 0 (0) 2017-2017
33%
45 Jack McBean ST 37 4 (0) 2011-2013, 2016-2017
33%
95 Jack McInerney ST 8 0 (0) 2017-2017
33%
32 Jaime Penedo GK 54 0 (0) 2013-2015
33%
99 Jaime Villarreal CM 7 0 (0) 2017-2017
33%
111 James Riley RB 4 0 (0) 2014-2014
33%
60 Jeff Larentowicz DM 23 1 (0) 2016-2016
33%
37 Jelle Van Damme CB 46 1 (2) 2016-2017
33%
64 Jermaine Jones DM 20 1 (4) 2017-2017
33%
50 João Pedro CM 31 1 (2) 2017-2018
33%
51 Joe Corona CM 31 1 (1) 2019-2019
33%
100 Jon Kempin GK 7 0 (0) 2017-2017
33%
33 Jørgen Skjelvik LB 52 1 (3) 2018-2019
33%
22 José Villarreal ST 68 5 (9) 2012-2017
33%
36 Josh Saunders GK 47 0 (0) 2010-2012
33%
47 Jovan Kirovski RW 34 4 (0) 2010-2011
33%
61 Juan Pablo Ángel ST 22 3 (1) 2011-2011
33%
69 Julián Araujo RB 18 0 (1) 2019-2019
33%
1 Juninho CM 189 18 (16) 2010-2015, 2019-2019
33%
74 Kenney Walker DM 17 0 (0) 2012-2012, 2014-2015
33%
82 Kofi Opare CB 12 1 (0) 2013-2014
33%
105 Kyle Nakazawa AM 5 0 (0) 2012-2012
33%
103 Laurent Courtois LM 6 0 (1) 2013-2013
33%
17 Leonardo CB 85 2 (0) 2010-2011, 2013-2016
33%
15 Marcelo Sarvas CM 88 9 (11) 2012-2014
33%
120 Matt Lampson GK 1 0 (0) 2019-2019
33%
56 Michaël Ciani CB 27 2 (0) 2017-2018
33%
14 Michael Stephens CM 94 2 (5) 2010-2013
33%
59 Miguel López AM 24 1 (3) 2011-2011
33%
65 Mika Väyrynen CM 19 0 (0) 2015-2015
33%
9 Mike Magee ST 111 23 (5) 2010-2013, 2016-2016
33%
80 Nacho Maganto AM 13 1 (1) 2015-2015
33%
83 Nathan Smith LB 12 0 (0) 2017-2017
33%
70 Nigel de Jong DM 18 0 (0) 2016-2016
33%
52 Ola Kamara ST 31 14 (4) 2018-2018
33%
3 Omar González CB 150 11 (7) 2010-2015
33%
112 Oscar Sorto RB 4 0 (0) 2014-2015
33%
93 Pablo Mastroeni DM 9 0 (1) 2013-2013
33%
71 Paolo Cardozo AM 18 0 (0) 2011-2012
33%
88 Pat Noonan ST 10 1 (0) 2012-2012
33%
106 Pelé van Anholt DM 5 0 (0) 2017-2017
33%
44 Perry Kitchen DM 39 0 (0) 2018-2019
33%
39 Rafael García CM 45 0 (0) 2012-2017
33%
84 Raúl Mendiola RM 12 0 (0) 2014-2014, 2016-2017
33%
19 Robbie Rogers LB 78 2 (8) 2013-2016
33%
89 Rob Friend ST 10 0 (1) 2014-2014
33%
43 Rolf Feltscher RB 40 2 (6) 2018-2019
33%
25 Romain Alessandrini RW 61 24 (21) 2017-2019
33%
121 Ryan Thomas LB 1 0 (0) 2011-2011
33%
96 Samuel Rosa ST 8 0 (0) 2014-2014
33%
8 Sean Franklin RB 120 5 (15) 2010-2013
33%
10 Sebastian Lletget CM 111 14 (12) 2015-2019
33%
46 Servando Carrasco CM 35 0 (2) 2018-2019
33%
97 Sheanon Williams RB 8 0 (0) 2018-2018
33%
34 Stefan Ishizaki RM 50 6 (8) 2014-2015
33%
7 Todd Dunivant LB 122 3 (7) 2010-2015
33%
107 Tomás Hilliard-Arce CB 5 0 (0) 2018-2018
33%
49 Tommy Meyer CB 33 0 (0) 2012-2015
33%
75 Tristan Bowen RW 17 2 (2) 2010-2010
33%
53 Uriel Antuna RW 31 6 (6) 2019-2019
33%
118 Yohance Marshall CB 2 0 (0) 2010-2010
33%
No matching quizzes found
Score Distribution
Percent of People with Each Score
Percentile by Number Answered
Your Score History
You have not taken this quiz